Postproducción del blanco y negro.

Saved in:
Bibliographic Details
Main Author: Macleod, Steve (autor)
Other Authors: Rosés Martínez, Francisco (traductor)
Format: Book
Published: Barcelona, España: Blume, 2009.
Edition:Primera edición en lengua española.
Series:Blume Fotografía,
Subjects:
Tags: Add Tag
No Tags, Be the first to tag this record!

MARC

LEADER 00000nam a22000007a 4500
003 CL-VaPUC
005 20250407202439.0
008 250310t2009 ||||| |||| 00| 0 eng d
999 |c 447174  |d 447172 
020 |a 978-84-8076-827-6 
040 |c Pontificia Universidad Católica de Valparaíso 
082 |a 778.3 MAC 2009 
100 |9 896429  |a Macleod, Steve  |e autor 
245 |a Postproducción del blanco y negro. 
250 |a Primera edición en lengua española. 
260 |a Barcelona, España:  |b Blume,  |c 2009. 
300 |a 175 páginas:  |b fotografías. 
490 |a Blume Fotografía,  |n  4. 
500 |a c.1-c.3. Instituto Arcos.08-01-2025. 
583 |c 20250310  |k Gabriela Rodríguez Cuevas 
650 0 |9 888505  |a Fotografías en blanco y negro  |x Técnicas digitales 
650 0 |9 895826  |a Fotografía digital   |x Edición y retoques 
700 |9 896279  |a Rosés Martínez, Francisco  |e traductor 
942 |2 ddc  |c BK  |n 0 
952 |0 0  |1 0  |2 ddc  |4 0  |6 778_300000000000000_MAC_2009  |7 0  |8 A  |9 600793  |a BIBINC  |b BIBINC  |d 2025-03-10  |e Instituto Arcos  |i 5665617  |o 778.3 MAC 2009  |p 5665617  |r 2025-03-10  |t 1  |w 2025-03-10  |y BK  |k IFP 
952 |0 0  |1 0  |2 ddc  |4 0  |6 778_300000000000000_MAC_2009  |7 0  |8 A  |9 600794  |a BIBINC  |b BIBINC  |d 2025-03-10  |e Instituto Arcos  |i 5665618  |o 778.3 MAC 2009  |p 5665618  |r 2025-03-10  |t 2  |w 2025-03-10  |y BK  |k IFP 
952 |0 0  |1 0  |2 ddc  |4 0  |6 778_300000000000000_MAC_2009  |7 0  |8 A  |9 600795  |a BIBINC  |b BIBINC  |d 2025-03-10  |e Instituto Arcos  |i 5665619  |o 778.3 MAC 2009  |p 5665619  |r 2025-03-10  |t 3  |w 2025-03-10  |y BK  |k IFP